<?xml version="1.0" encoding="UTF-8"?>
<record
    xmlns:xsi="http://www.w3.org/2001/XMLSchema-instance"
    xsi:schemaLocation="http://www.loc.gov/MARC21/slim http://www.loc.gov/standards/marcxml/schema/MARC21slim.xsd"
    xmlns="http://www.loc.gov/MARC21/slim">

  <leader>00436nam a22001697a 4500</leader>
  <datafield tag="999" ind1=" " ind2=" ">
    <subfield code="c">11441</subfield>
    <subfield code="d">11441</subfield>
  </datafield>
  <controlfield tag="003">OSt</controlfield>
  <controlfield tag="008">220716b           ||||| |||| 00| 0 eng d</controlfield>
  <datafield tag="020" ind1=" " ind2=" ">
    <subfield code="a">9789388305877</subfield>
  </datafield>
  <datafield tag="082" ind1=" " ind2=" ">
    <subfield code="a">615.1 VEM</subfield>
  </datafield>
  <datafield tag="100" ind1=" " ind2=" ">
    <subfield code="a">VEERAREDDY,Prabhakar Reddy</subfield>
  </datafield>
  <datafield tag="245" ind1=" " ind2=" ">
    <subfield code="a">MCQ In Pharmaceutical Science for GPAT and NIPER</subfield>
  </datafield>
  <datafield tag="250" ind1=" " ind2=" ">
    <subfield code="a">2nd</subfield>
  </datafield>
  <datafield tag="260" ind1=" " ind2=" ">
    <subfield code="a">Hyderabad</subfield>
    <subfield code="b">PharmaMed Press</subfield>
    <subfield code="c">2016</subfield>
  </datafield>
  <datafield tag="300" ind1=" " ind2=" ">
    <subfield code="a">410</subfield>
  </datafield>
  <datafield tag="650" ind1=" " ind2=" ">
    <subfield code="a">Career Guidance</subfield>
  </datafield>
  <datafield tag="942" ind1=" " ind2=" ">
    <subfield code="2">ddc</subfield>
    <subfield code="c">BK</subfield>
    <subfield code="0">1</subfield>
  </datafield>
  <datafield tag="952" ind1=" " ind2=" ">
    <subfield code="0">0</subfield>
    <subfield code="1">0</subfield>
    <subfield code="2">ddc</subfield>
    <subfield code="4">0</subfield>
    <subfield code="7">0</subfield>
    <subfield code="8">BP</subfield>
    <subfield code="a">PIET</subfield>
    <subfield code="b">PIET</subfield>
    <subfield code="d">2022-07-16</subfield>
    <subfield code="e">B.S.P Books Pvt.Ltd</subfield>
    <subfield code="f">Indian Rup</subfield>
    <subfield code="g">395.00</subfield>
    <subfield code="k">45533</subfield>
    <subfield code="l">1</subfield>
    <subfield code="o">615.1 VEM</subfield>
    <subfield code="p">BP1863</subfield>
    <subfield code="r">2025-06-09 00:00:00</subfield>
    <subfield code="s">2025-05-22</subfield>
    <subfield code="v">276.50</subfield>
    <subfield code="w">2022-07-02</subfield>
    <subfield code="y">REF</subfield>
  </datafield>
  <datafield tag="952" ind1=" " ind2=" ">
    <subfield code="0">0</subfield>
    <subfield code="1">0</subfield>
    <subfield code="2">ddc</subfield>
    <subfield code="4">0</subfield>
    <subfield code="7">0</subfield>
    <subfield code="8">BP</subfield>
    <subfield code="a">PIET</subfield>
    <subfield code="b">PIET</subfield>
    <subfield code="d">2022-07-16</subfield>
    <subfield code="e">B.S.P Books Pvt.Ltd</subfield>
    <subfield code="f">Indian Rup</subfield>
    <subfield code="g">395.00</subfield>
    <subfield code="k">45533</subfield>
    <subfield code="l">0</subfield>
    <subfield code="o">615.1 VEM</subfield>
    <subfield code="p">BP1864</subfield>
    <subfield code="r">2022-07-16 00:00:00</subfield>
    <subfield code="v">276.50</subfield>
    <subfield code="w">2022-07-02</subfield>
    <subfield code="y">BK</subfield>
  </datafield>
  <datafield tag="952" ind1=" " ind2=" ">
    <subfield code="0">0</subfield>
    <subfield code="1">0</subfield>
    <subfield code="2">ddc</subfield>
    <subfield code="4">0</subfield>
    <subfield code="7">0</subfield>
    <subfield code="8">BP</subfield>
    <subfield code="a">PIET</subfield>
    <subfield code="b">PIET</subfield>
    <subfield code="d">2022-07-16</subfield>
    <subfield code="e">B.S.P Books Pvt.Ltd</subfield>
    <subfield code="f">Indian Rup</subfield>
    <subfield code="g">395.00</subfield>
    <subfield code="k">45533</subfield>
    <subfield code="l">1</subfield>
    <subfield code="o">615.1 VEM</subfield>
    <subfield code="p">BP1865</subfield>
    <subfield code="r">2023-02-15 00:00:00</subfield>
    <subfield code="s">2023-01-09</subfield>
    <subfield code="v">276.50</subfield>
    <subfield code="w">2022-07-02</subfield>
    <subfield code="y">BK</subfield>
  </datafield>
  <datafield tag="952" ind1=" " ind2=" ">
    <subfield code="0">0</subfield>
    <subfield code="1">0</subfield>
    <subfield code="2">ddc</subfield>
    <subfield code="4">0</subfield>
    <subfield code="7">0</subfield>
    <subfield code="8">BP</subfield>
    <subfield code="a">PIET</subfield>
    <subfield code="b">PIET</subfield>
    <subfield code="d">2022-07-16</subfield>
    <subfield code="e">B.S.P Books Pvt.Ltd</subfield>
    <subfield code="f">Indian Rup</subfield>
    <subfield code="g">395.00</subfield>
    <subfield code="k">45533</subfield>
    <subfield code="l">1</subfield>
    <subfield code="o">615.1 VEM</subfield>
    <subfield code="p">BP1866</subfield>
    <subfield code="r">2025-05-28 00:00:00</subfield>
    <subfield code="s">2025-05-22</subfield>
    <subfield code="v">276.50</subfield>
    <subfield code="w">2022-07-02</subfield>
    <subfield code="y">BK</subfield>
  </datafield>
  <datafield tag="952" ind1=" " ind2=" ">
    <subfield code="0">0</subfield>
    <subfield code="1">0</subfield>
    <subfield code="2">ddc</subfield>
    <subfield code="4">0</subfield>
    <subfield code="7">0</subfield>
    <subfield code="8">BP</subfield>
    <subfield code="a">PIET</subfield>
    <subfield code="b">PIET</subfield>
    <subfield code="d">2022-07-16</subfield>
    <subfield code="e">B.S.P Books Pvt.Ltd</subfield>
    <subfield code="f">Indian Rup</subfield>
    <subfield code="g">395.00</subfield>
    <subfield code="k">45533</subfield>
    <subfield code="l">0</subfield>
    <subfield code="o">615.1 VEM</subfield>
    <subfield code="p">BP1867</subfield>
    <subfield code="r">2022-07-16 00:00:00</subfield>
    <subfield code="v">276.50</subfield>
    <subfield code="w">2022-07-02</subfield>
    <subfield code="y">BK</subfield>
  </datafield>
  <datafield tag="952" ind1=" " ind2=" ">
    <subfield code="0">0</subfield>
    <subfield code="1">0</subfield>
    <subfield code="2">ddc</subfield>
    <subfield code="4">0</subfield>
    <subfield code="7">0</subfield>
    <subfield code="8">BP</subfield>
    <subfield code="a">PIET</subfield>
    <subfield code="b">PIET</subfield>
    <subfield code="d">2022-07-16</subfield>
    <subfield code="e">B.S.P Books Pvt.Ltd</subfield>
    <subfield code="f">Indian Rup</subfield>
    <subfield code="g">395.00</subfield>
    <subfield code="k">45533</subfield>
    <subfield code="l">0</subfield>
    <subfield code="o">615.1 VEM</subfield>
    <subfield code="p">BP1868</subfield>
    <subfield code="r">2022-07-16 00:00:00</subfield>
    <subfield code="v">276.50</subfield>
    <subfield code="w">2022-07-02</subfield>
    <subfield code="y">BK</subfield>
  </datafield>
  <datafield tag="952" ind1=" " ind2=" ">
    <subfield code="0">0</subfield>
    <subfield code="1">0</subfield>
    <subfield code="2">ddc</subfield>
    <subfield code="4">0</subfield>
    <subfield code="7">0</subfield>
    <subfield code="8">BP</subfield>
    <subfield code="a">PIET</subfield>
    <subfield code="b">PIET</subfield>
    <subfield code="d">2022-07-16</subfield>
    <subfield code="e">B.S.P Books Pvt.Ltd</subfield>
    <subfield code="f">Indian Rup</subfield>
    <subfield code="g">395.00</subfield>
    <subfield code="k">45533</subfield>
    <subfield code="l">0</subfield>
    <subfield code="o">615.1 VEM</subfield>
    <subfield code="p">BP1869</subfield>
    <subfield code="r">2022-07-16 00:00:00</subfield>
    <subfield code="v">276.50</subfield>
    <subfield code="w">2022-07-02</subfield>
    <subfield code="y">BK</subfield>
  </datafield>
  <datafield tag="952" ind1=" " ind2=" ">
    <subfield code="0">0</subfield>
    <subfield code="1">0</subfield>
    <subfield code="2">ddc</subfield>
    <subfield code="4">0</subfield>
    <subfield code="7">0</subfield>
    <subfield code="8">BP</subfield>
    <subfield code="a">PIET</subfield>
    <subfield code="b">PIET</subfield>
    <subfield code="d">2022-07-16</subfield>
    <subfield code="e">B.S.P Books Pvt.Ltd</subfield>
    <subfield code="f">Indian Rup</subfield>
    <subfield code="g">395.00</subfield>
    <subfield code="k">45533</subfield>
    <subfield code="l">0</subfield>
    <subfield code="o">615.1 VEM</subfield>
    <subfield code="p">BP1870</subfield>
    <subfield code="r">2022-07-16 00:00:00</subfield>
    <subfield code="v">276.50</subfield>
    <subfield code="w">2022-07-02</subfield>
    <subfield code="y">BK</subfield>
  </datafield>
  <datafield tag="952" ind1=" " ind2=" ">
    <subfield code="0">0</subfield>
    <subfield code="1">0</subfield>
    <subfield code="2">ddc</subfield>
    <subfield code="4">0</subfield>
    <subfield code="7">0</subfield>
    <subfield code="8">BP</subfield>
    <subfield code="a">PIET</subfield>
    <subfield code="b">PIET</subfield>
    <subfield code="d">2022-07-16</subfield>
    <subfield code="e">B.S.P Books Pvt.Ltd</subfield>
    <subfield code="f">Indian Rup</subfield>
    <subfield code="g">395.00</subfield>
    <subfield code="k">45533</subfield>
    <subfield code="l">0</subfield>
    <subfield code="o">615.1 VEM</subfield>
    <subfield code="p">BP1871</subfield>
    <subfield code="r">2022-07-16 00:00:00</subfield>
    <subfield code="v">276.50</subfield>
    <subfield code="w">2022-07-02</subfield>
    <subfield code="y">BK</subfield>
  </datafield>
  <datafield tag="952" ind1=" " ind2=" ">
    <subfield code="0">0</subfield>
    <subfield code="1">0</subfield>
    <subfield code="2">ddc</subfield>
    <subfield code="4">0</subfield>
    <subfield code="7">0</subfield>
    <subfield code="8">BP</subfield>
    <subfield code="a">PIET</subfield>
    <subfield code="b">PIET</subfield>
    <subfield code="d">2022-07-16</subfield>
    <subfield code="e">B.S.P Books Pvt.Ltd</subfield>
    <subfield code="f">Indian Rup</subfield>
    <subfield code="g">395.00</subfield>
    <subfield code="k">45533</subfield>
    <subfield code="l">0</subfield>
    <subfield code="o">615.1 VEM</subfield>
    <subfield code="p">BP1872</subfield>
    <subfield code="r">2022-07-16 00:00:00</subfield>
    <subfield code="v">276.50</subfield>
    <subfield code="w">2022-07-02</subfield>
    <subfield code="y">BK</subfield>
  </datafield>
</record>
